000 03192cam a22007334i 4500
001 u47942
003 PE-LiUPU
005 20250731170447.0
008 150706s1974 mx a rb 000 0 spa d
020 _a9682402204
020 _a9789682402203
035 _a(Sirsi) i9789682402203
040 _aPE-LiUPU
_bspa
_cPE-LiUPU
_dPE-LiUPU
_erda
049 _aPRUA
082 0 4 _a150.1943
_bR52
_221
082 0 4 _a150.19 R52
100 1 _aRibes Iñesta, Emilio,
_eautor.
245 1 0 _aTécnicas de modificación de conducta :
_bsu aplicación al retardo en el desarrollo /
_cEmilio Ribes Iñesta.
264 1 _aMéxico :
_bTrillas,
_c1974.
300 _a283 páginas :
_bilustraciones ;
_c23 centímetros.
336 _atext
_2rdacontent
337 _aunmediated
_2rdamedia
338 _avolume
_2rdacarrier
490 0 _aBiblioteca Técnica de Psicología
504 _aIncluye bibliografía.
505 0 _aRetardo en el desarrollo y modificación de conducta -- Principios del análisis conductual aplicado -- Programación de repertorios conductuales -- Programación de conductas básicas -- Programación de conducta social -- Programación de conducta académica.
526 _aSEG68
526 _aSEG70
526 _aSEG69
526 _aSEG67
526 _aSEG43
526 _aP144
526 _aP143
526 _aP131
526 _aP122
526 _aP120
526 _aP117
526 _aP112
526 _aP110
526 _aP106
526 _aP101
526 _aP80
526 _aP59
526 _aP54
526 _aP35
526 _aP33
526 _aP30
541 _g001-0030831;
541 _gF002-00000832;
650 0 4 _aBehaviorismo (Psicología).
650 0 4 _aConducta humana.
910 _agl
_bjv
_cng
_d20091209
910 _armch
_btqv
_cwelc
_d20180301
942 _2ddc
_cBOOK
949 _a150.1943 R52
_wDEWEY
_c1
_i60756
_d2017-9-15
_e2017-9-13
_f2018-2-10
_g2
_lCCODEBUL1
_mBUL
_n4
_p20.00
_r0
_sY
_tBOOK
_u2015-7-6
_xSALUD
_PP33
_0COMPRA
_o.STAFF. Colección Ciencias de la Salud
949 _a616 R52
_wDEWEY
_c1
_iFT02732
_lCCODEBUT1
_mBUT
_p35.00
_r0
_sY
_tBOOK
_u2016-3-21
_xSALUD
_PP33
_0COMPRA
_o.STAFF. Colección Ciencias de la Salud
949 _a150.19 R52 1974
_wDEWEY
_c1
_iFJ12367
_lCCODEBUJ1
_mBUJ
_p20.00
_r0
_sY
_tBOOK
_u2019-01-18
_xSALUD
_PP33
_0COMPRA
_o.STAFF. Colección General Juliaca
994 _aCO
_bPEPRU
596 _a1 2 3
999 _a150.1943 R52
_wDEWEY
_c50139
_i60756
_d50139
_e2019-4-17
_f2021-11-3
_g5
_lCCODEBUL1
_mBUL
_n5
_p20.00
_q3
_r0
_sY
_tBOOK
_u2015-7-6
_xSALUD
_zP33
_0COMPRA
_o.STAFF. Colección Ciencias de la Salud
999 _a616 R52
_wDEWEY
_c1
_iFT02732
_d2019-5-9
_e2019-5-8
_f2019-2-20
_g1
_lCCODEBUT1
_mBUT
_n3
_p35.00
_r0
_sY
_tBOOK
_u2016-3-21
_xSALUD
_PP33
_0COMPRA
_o.STAFF. Colección General
999 _a150.19 R52 1974
_wDEWEY
_c1
_iFJ12367
_d2019-8-5
_e2019-6-24
_f2022-1-17
_g3
_lCCODEBUJ1
_mBUJ
_n1
_p20.00
_q1
_r0
_sY
_tBOOK
_u2019-1-18
_xSALUD
_PP04
_0COMPRA
_1FCOMPR2
_2UNKNOWN
_o.STAFF. Colección General Juliaca
980 _81
_gALBERTO SANCHEZ Responsable de Automatización